Elementary Euclidean geometry : (Record no. 8560)

MARC details
000 -LEADER
fixed length control field 01310cam a22003134a 4500
001 - CONTROL NUMBER
control field 13330764
003 - CONTROL NUMBER IDENTIFIER
control field OSt
005 - DATE AND TIME OF LATEST TRANSACTION
control field 20240617144319.0
008 - FIXED-LENGTH DATA ELEMENTS--GENERAL INFORMATION
fixed length control field 030902s2003 enka 001 0 eng
010 ## - LIBRARY OF CONGRESS CONTROL NUMBER
LC control number 2003055904
020 ## - INTERNATIONAL STANDARD BOOK NUMBER
International Standard Book Number 0521834481
040 ## - CATALOGING SOURCE
Original cataloging agency MUST LIB
Transcribing agency MUST
Modifying agency MUST
042 ## - AUTHENTICATION CODE
Authentication code pcc
050 00 - LIBRARY OF CONGRESS CALL NUMBER
Classification number QA453
Item number .G45 2003
082 00 - DEWEY DECIMAL CLASSIFICATION NUMBER
Classification number 516
Edition number 22
Item number GIB
100 1# - MAIN ENTRY--PERSONAL NAME
Personal name Gibson, Christopher G.,
Dates associated with a name 1940-
9 (RLIN) 17371
245 10 - TITLE STATEMENT
Title Elementary Euclidean geometry :
Remainder of title an introduction /
Statement of responsibility, etc. C.G. Gibson.
260 ## - PUBLICATION, DISTRIBUTION, ETC. (IMPRINT)
Place of publication, distribution, etc. Cambridge ;
-- New York :
Name of publisher, distributor, etc. Cambridge University Press,
Date of publication, distribution, etc. 2003.
300 ## - PHYSICAL DESCRIPTION
Extent xvi, 174 p. :
Other physical details ill. ;
Dimensions 24 cm.
500 ## - GENERAL NOTE
General note Includes index.
650 #0 - SUBJECT ADDED ENTRY--TOPICAL TERM
Topical term or geographic name as entry element Geometry.
9 (RLIN) 12062
856 41 - ELECTRONIC LOCATION AND ACCESS
Materials specified Sample text
Uniform Resource Identifier http://www.loc.gov/catdir/samples/cam041/2003055904.html
856 42 - ELECTRONIC LOCATION AND ACCESS
Materials specified Publisher description
Uniform Resource Identifier http://www.loc.gov/catdir/description/cam041/2003055904.html
856 41 - ELECTRONIC LOCATION AND ACCESS
Materials specified Table of contents
Uniform Resource Identifier http://www.loc.gov/catdir/toc/cam041/2003055904.html
856 42 - ELECTRONIC LOCATION AND ACCESS
Materials specified Contributor biographical information
Uniform Resource Identifier http://www.loc.gov/catdir/enhancements/fy1007/2003055904-b.html
906 ## - LOCAL DATA ELEMENT F, LDF (RLIN)
a 7
b cbc
c orignew
d 1
e ocip
f 20
g y-gencatlg
942 ## - ADDED ENTRY ELEMENTS (KOHA)
Source of classification or shelving scheme Other/Generic Classification Scheme
Koha item type Book
Holdings
Withdrawn status Lost status Source of classification or shelving scheme Damaged status Not for loan Home library Current library Date acquired Source of acquisition Inventory number Total Checkouts Full call number Barcode Date last seen Price effective from Koha item type
    Dewey Decimal Classification     MUST Main Library MUST Main Library 17/06/2024 Donation 11/35224   516 GIB 2024-20684 17/06/2024 17/06/2024 Book